000 00362nam a2200145Ia 4500
008 230312s9999||||xx |||||||||||||| ||und||
020 _a0-07-059952-1
082 _a720.19
_bRIZ-E
100 _aRizvi; M Ashraf
245 0 _aEffective Techincal Communication
260 _bMcGraw Hill
_aNew Dehli
_c2005
300 _a544
650 _aEngineering
942 _cBK
999 _c11861
_d11861